000 00319nam a2200133Ia 4500
008 240624s9999 xx 000 0 und d
041 _aeng
082 _a658.4 FIN
100 _aFINCH BRIAN
245 _aHOW TO WRITE A BUSINESS PLAN
260 _c2016
_aLondon
_bKogan Page
300 _a180 p.; 20 cm.
365 _cRS
999 _c31859
_d31859